Francis Bacon 1909-1992
Sparad:
| Huvudupphovsman: | |
|---|---|
| Materialtyp: | Bok |
| Språk: | spanska |
| Publicerad: |
Colonia
Taschen
2007
|
| Ämnen: | |
| Taggar: |
Lägg till en tagg
Inga taggar, Lägg till första taggen!
|
MARC
| LEADER | 00000nam a2200000 a 4500 | ||
|---|---|---|---|
| 001 | UCG7075 | ||
| 003 | CL-VaPUC | ||
| 008 | 110617e20070000GW |||||||||||||||||spa|d | ||
| 020 | |a 9783822822883 | ||
| 082 | 0 | 4 | |a 750 |b FIC |2 21 |
| 100 | 0 | |a Ficacci, Luigi |e author |9 557584 | |
| 245 | 1 | 0 | |a Francis Bacon 1909-1992 |
| 300 | |a 96 p | ||
| 942 | |c BK | ||
| 945 | |d 20110617 00:00:00 |a dcastane | ||
| 260 | |a Colonia |b Taschen |c 2007 | ||
| 600 | 0 | 7 | |a BACON, FRANCIS |2 CL-VaPUC |9 334502 |
| 650 | 0 | |a Pintura |9 265046 | |
| 650 | 7 | |a PINTURA IRLANDESA |2 CL-VaPUC |9 539992 | |
| 650 | 7 | |a PINTORES IRLANDESES |2 CL-VaPUC |9 460002 | |
| 650 | 7 | |a EXPRESIONISMO |2 CL-VaPUC |9 268711 | |
| 583 | |a last modification |c 20110617 00:00:00 |k Rodrigo Vera | ||
| 999 | |c 345140 |d 345138 | ||
| 952 | |0 0 |1 0 |4 0 |6 750_000000000000000_FIC_2007 |7 0 |8 C |9 443609 |a BIBCUR |b BIBCUR |d 2019-11-22 |i 4784758 |l 1 |o 750 FIC 2007 |p 4784758 |r 2025-04-22 |s 2024-06-19 |w 2019-11-22 |y BK |k CAC | ||